LIBRARY & INFORMATION CENTRE, KCAET, TAVANUR

ONLINE PUBLIC ACCESS CATALOGUE (OPAC)

Thermal engineering / (Record no. 195)

MARC details
000 -LEADER
fixed length control field 00496cam a2200205ua 4500
041 ## - LANGUAGE CODE
Language code of text/sound track or separate title eng
082 ## - DEWEY DECIMAL CLASSIFICATION NUMBER
Classification number 621.402
Item number SAR/TH
100 ## - MAIN ENTRY--AUTHOR NAME
Personal name Sarao, A S.
245 ## - TITLE STATEMENT
Title Thermal engineering /
250 ## - EDITION STATEMENT
Edition statement 5 /
260 ## - PUBLICATION, DISTRIBUTION, ETC. (IMPRINT)
Place of publication New Delhi :
Name of publisher Satya Prakshan ,
Year of publication 1996.
300 ## - PHYSICAL DESCRIPTION
Number of Pages 1042 ; .
650 ## - SUBJECT ADDED ENTRY--TOPICAL TERM
Topical Term Thermal engineering
942 ## - ADDED ENTRY ELEMENTS (KOHA)
Koha item type Books
Holdings
Withdrawn status Lost status Damaged status Home library Current library Date acquired Full call number Accession Number Koha item type Shelving location
      KAUAET KAUAET 07/04/2012 621.402 19440 Books  
    Damaged KAUAET KAUAET 26/03/1986 621.402 15164 Books Binding Shelf
free website counter